<?xml version="1.0" encoding="UTF-8"?>
<record
    xmlns:xsi="http://www.w3.org/2001/XMLSchema-instance"
    xsi:schemaLocation="http://www.loc.gov/MARC21/slim http://www.loc.gov/standards/marcxml/schema/MARC21slim.xsd"
    xmlns="http://www.loc.gov/MARC21/slim">

  <leader>01583cam a2200277Ii 4500</leader>
  <controlfield tag="001">piratesghost00robe</controlfield>
  <controlfield tag="003">CaSfIA</controlfield>
  <controlfield tag="005">20210118210536.0</controlfield>
  <controlfield tag="007">cr||||</controlfield>
  <controlfield tag="008">761015t19711938nyu           000 1 eng d</controlfield>
  <datafield tag="040" ind1=" " ind2=" ">
    <subfield code="a">MNL</subfield>
    <subfield code="c">MNL</subfield>
    <subfield code="d">BUF</subfield>
    <subfield code="d">CaSfIA</subfield>
  </datafield>
  <datafield tag="035" ind1=" " ind2=" ">
    <subfield code="a">(OCoLC)2505521</subfield>
  </datafield>
  <datafield tag="050" ind1=" " ind2="4">
    <subfield code="a">PS3535.O211</subfield>
    <subfield code="b">P37 1971</subfield>
  </datafield>
  <datafield tag="092" ind1=" " ind2=" ">
    <subfield code="a">fic</subfield>
  </datafield>
  <datafield tag="100" ind1="1" ind2=" ">
    <subfield code="a">Robeson, Kenneth.</subfield>
  </datafield>
  <datafield tag="245" ind1="1" ind2="4">
    <subfield code="a">The pirate's ghost /</subfield>
    <subfield code="h">[electronic resource] </subfield>
    <subfield code="c">by Kenneth Robeson.</subfield>
  </datafield>
  <datafield tag="260" ind1=" " ind2=" ">
    <subfield code="a">New York :</subfield>
    <subfield code="b">Bantam,</subfield>
    <subfield code="c">1971, c1966.</subfield>
  </datafield>
  <datafield tag="300" ind1=" " ind2=" ">
    <subfield code="a">135 p. ;</subfield>
    <subfield code="c">18 cm.</subfield>
  </datafield>
  <datafield tag="490" ind1="0" ind2=" ">
    <subfield code="a">A Doc Savage adventure ;</subfield>
    <subfield code="v">62</subfield>
  </datafield>
  <datafield tag="505" ind1="0" ind2="0">
    <subfield code="g">I.</subfield>
    <subfield code="t">Old one of the dessert --</subfield>
    <subfield code="g">II.</subfield>
    <subfield code="t">The man-captive --</subfield>
    <subfield code="g">III.</subfield>
    <subfield code="t">Hoke McGee --</subfield>
    <subfield code="g">IV.</subfield>
    <subfield code="t">Big ape and pig man --</subfield>
    <subfield code="g">V.</subfield>
    <subfield code="t">Symbols for trouble --</subfield>
    <subfield code="g">VI.</subfield>
    <subfield code="t">Bloodhounds for hire --</subfield>
    <subfield code="g">VII.</subfield>
    <subfield code="t">Detour --</subfield>
    <subfield code="g">VIII.</subfield>
    <subfield code="t">The blond Sally Surett --</subfield>
    <subfield code="g">IX.</subfield>
    <subfield code="t">Difference of opinion --</subfield>
    <subfield code="g">X.</subfield>
    <subfield code="t">Bronze shadow --</subfield>
    <subfield code="g">XI.</subfield>
    <subfield code="t">The publicity box --</subfield>
    <subfield code="g">XII.</subfield>
    <subfield code="t">Captain Scuttle --</subfield>
    <subfield code="g">XIII.</subfield>
    <subfield code="t">Million-dollar treasure --</subfield>
    <subfield code="g">XIV.</subfield>
    <subfield code="t">Scorn Island --</subfield>
    <subfield code="g">XV.</subfield>
    <subfield code="t">Treasure ship --</subfield>
    <subfield code="g">XVI.</subfield>
    <subfield code="t">Narrow margins.</subfield>
  </datafield>
  <datafield tag="856" ind1="4" ind2="1">
    <subfield code="u">http://www.archive.org/details/piratesghost00robe</subfield>
    <subfield code="z">Free eBook from the Internet Archive</subfield>
  </datafield>
  <datafield tag="856" ind1="4" ind2="2">
    <subfield code="u">http://www.openlibrary.org/books/OL24595449M</subfield>
    <subfield code="z">Additional information and access via Open Library</subfield>
  </datafield>
  <datafield tag="942" ind1=" " ind2=" ">
    <subfield code="c">EB</subfield>
  </datafield>
  <datafield tag="506" ind1=" " ind2=" ">
    <subfield code="f">&#x41D;&#x435;&#x43E;&#x431;&#x445;&#x456;&#x434;&#x43D;&#x430; &#x430;&#x432;&#x442;&#x43E;&#x440;&#x438;&#x437;&#x430;&#x446;&#x456;&#x44F; &#x43D;&#x430; https://archive.org/ (&#x441;&#x442;&#x432;&#x43E;&#x440;&#x435;&#x43D;&#x43D;&#x44F; &#x43E;&#x431;&#x43B;&#x456;&#x43A;&#x43E;&#x432;&#x43E;&#x433;&#x43E; &#x437;&#x430;&#x43F;&#x438;&#x441;&#x443; &#x431;&#x435;&#x437;&#x43A;&#x43E;&#x448;&#x442;&#x43E;&#x432;&#x43D;&#x43E;)</subfield>
  </datafield>
  <datafield tag="506" ind1=" " ind2=" ">
    <subfield code="f">&#x41D;&#x435;&#x43E;&#x431;&#x445;&#x456;&#x434;&#x43D;&#x430; &#x430;&#x432;&#x442;&#x43E;&#x440;&#x438;&#x437;&#x430;&#x446;&#x456;&#x44F; &#x43D;&#x430; https://openlibrary.org/ (&#x441;&#x442;&#x432;&#x43E;&#x440;&#x435;&#x43D;&#x43D;&#x44F; &#x43E;&#x431;&#x43B;&#x456;&#x43A;&#x43E;&#x432;&#x43E;&#x433;&#x43E; &#x437;&#x430;&#x43F;&#x438;&#x441;&#x443; &#x431;&#x435;&#x437;&#x43A;&#x43E;&#x448;&#x442;&#x43E;&#x432;&#x43D;&#x43E;)</subfield>
  </datafield>
  <datafield tag="999" ind1=" " ind2=" ">
    <subfield code="c">536923</subfield>
    <subfield code="d">536923</subfield>
  </datafield>
</record>
